Các di tích khảo cổ học khu vực lòng hồ Trị An /

Bewaard in:
Bibliografische gegevens
Hoofdauteur: Phạm Quang Sơn.
Andere auteurs: Nguyễn Văn Long.
Formaat: Artikel
Taal:Vietnamese
Onderwerpen:
Tags: Voeg label toe
Geen labels, Wees de eerste die dit record labelt!
Thư viện lưu trữ: Thư viện Trường Đại học Đà Lạt
LEADER 00820nam a2200277 4500
001 DLU090075849
005 ##20090603
040 # # |a DLU  |b vie 
041 # # |a vie 
044 # # |a vn 
100 # # |a Phạm Quang Sơn.  
245 # # |a Các di tích khảo cổ học khu vực lòng hồ Trị An /  |c Phạm Quang Sơn, Nguyễn Văn Long.  
653 # # |a Di tích 
653 # # |a Khảo cổ học 
653 # # |a Trị An 
700 # # |a Nguyễn Văn Long. 
773 # # |t Tạp chí Khoa học Xã hội Việt Nam  |g Số 1, 1989, tr. 74-77 
920 # # |a Phòng Tạp chí -- Trung tâm Thông tin - Thư viện Trường Đại học Đà Lạt 
994 # # |a DLU 
900 # # |a True 
911 # # |a Nguyễn Thị Linh Chi 
925 # # |a G 
926 # # |a A 
927 # # |a BB 
980 # # |a Thư viện Trường Đại học Đà Lạt